00331nas a22001217a 4500008004100000022001400041245000900055260006500064300000900129310001400138546001400152650004300166130306t20099999ck ||||| |||| 00| 0 spa d a1794-2470 aNova aBogotá:bUniversidad Colegio Mayor de Cundinamarca, c2009 av. : aSemestral aespañol aDISCIPLINAS DE LAS CIENCIAS BIOLOGICAS